MDQL
is popping MORE tags! Check the
thread
!
Quizzes
Events
Quiz Creation
Community
Videos
Private Events
Remove Ads
Sign In
Join for FREE
Feedback
Dark Mode
Quiz Categories
Sports
Geography
Music
Movies
Television
Just For Fun
Miscellaneous
History
Literature
Language
Science
Gaming
Entertainment
Religion
Holiday
For Kids
Quiz Lab
Recent
Popular Today
Quiz Kudos Today
Editor Picks
Curator Picks
Quizzes by...
Day
Popularity
Type
Ratings
Length
Year
Community
Subscriptions
Recent Discussions
Orange Saloon
Badges
Playlists
Quests
Create
Leaderboards
Showdown
Live 5
Trivia Bingo
Activity
Puzzle Library
Sporcle Events
Private Events
Virtual Trivia
Globe League
Become a Host
Pub Owners
SporcleCon
Opinionation
Our Games
Videos
Blog
Mobile Apps
Partnerships
Remove Ads and Go Orange
Feedback
Music
Pop Music
The Beatles
Song
Album
Lyrics
Bands
Singers
Artist
Clip
Rock
Rap
Classical
Billboard
Country Music
Kpop
Taylor Swift
Music
Pop Music
The Beatles
Song
Album
Lyrics
Bands
Singers
Artist
Clip
Rock
Rap
Classical
Billboard
Country Music
Kpop
Taylor Swift
Random Quiz
Search Sporcle
×
Quiz Lab
Quiz Lab
Music
Artist
Type in answers that appear in a list
Type in answers that appear in a list
Classic
Best Score? Go Orange.
Indie Artists of the 2000s Stats
Can you name the Indie Artists of the 2000s?
By
Nover220
10m
26 Questions
3,274 Plays
3,274 Plays
3,274 Plays
Comments
Comments
Give Quiz Kudos
Give Quiz Kudos
-
- Ratings
hide this ad
Replay
Link that replays current quiz
Next Quiz
Link to next quiz in quiz playlist
You Got
0%
They Got
Avg Score
50%
Avg Friend Score
Upgrade to see
Score Distribution
Jump to the score distribution portion of the page
Score
0/26
Timer
10:00
0
Plays Today
Song
Artist
% Correct
Take Me Out
Franz Ferdinand
84.5%
Time to Pretend
MGMT
83.3%
The Neighborhood #1 (Tunnels)
Arcade Fire
78%
Maps
Yeah Yeah Yeahs
75.1%
Chicago
Sufjan Stevens
72%
I Will Follow You Into the Dark
Death Cab For Cutie
71.8%
Cape Cod Kwassa Kwassa
Vampire Weekend
71.1%
Such Great Heights
The Postal Service
68.8%
Do You Realize??
The Flaming Lips
65.2%
Caring Is Creepy
The Shins
62.6%
White Winter Hymnal
Fleet Foxes
62%
1234
Feist
59.6%
O Valencia!
The Decemberists
54.5%
Song
Artist
% Correct
Lua
Bright Eyes
51%
Piazza, New York Catcher
Belle and Sebastian
43.8%
Postcards from Italy
Beirut
37.7%
Is There a Ghost
Band of Horses
35.5%
Your Ex-
Lover is Dead
Stars
33.4%
Stillness is the Move
Dirty Projectors
33.4%
Samson
Regina Spektor
32.8%
Cannonball
Damien Rice
32%
Why Do You Let Me Stay Here?
She & Him
25.4%
Myriad Harbour
The New Pornographers
23.1%
Let Go
Frou Frou
20%
Goodnight and Go
Imogen Heap
19.1%
It's All Gonna Break
Broken Social Scene
11.2%
Quiz Playlist
Details
Report
Send in Message
Add To Playlist
Classic:
Type in answers that appear in a list
Last Updated: Feb 16, 2017
Quiz Scoreboard
CHALLENGE
Sign Up to Join the Scoreboard
Show All
Scores
Hide
Comments
May contain spoilers
Recently Published
Find the 'City' Movie
by crazypaving
Movies
60s
5x2 Blitz: Bands
by SL_Kpop136
Music
30s
Colored Red Africa Blitz
by spor1
Geography
30s
More to Explore
Quiz From the Vault
Featured Blog Post
14 Easter Pick-up Lines to Find Eggs With
hide this ad
You Might Also Like...
Tags
Album Quiz
Artist Quiz
Song Quiz
2000
indie
Today's Top Quizzes in Music
Browse Music
hide this ad
Today's Top Quizzes in Artist
Browse Artist
Top Contributed Quizzes in Music
1
5X2 Blitz: Bands II
2
Taylor Swift All Songs (2024)
3
5X2 Blitz: The Beatles
4
5X2 Blitz: Billboard
5
Taylor Swift Logic Puzzle
6
Taylor Swift Logic Puzzle II
7
5X2 Blitz: Album
8
5X2 Blitz: Billboard II
9
Music Artist by Three 2010s hits
10
5X2 Blitz: Rock
Explore More
Trending Topics
Marvel
Disney
Kpop
Harry Potter
Crossword
NBA
Anime
WWE
Pokémon
Soccer
The Office
NFL
Puzzle
Song
Country
hide this ad
More By:
Nover220
Quiz
Plays
Rating
Category
Featured
Created
Indie Artists of the 2000s
3,274
4.00
Music
Dec 29, 2009
Vampire Weekend Discography
1,271
2.94
Music
Oct 14, 2009
Newest Countries
632
3.89
Geography
Oct 4, 2009
Anchorman Channel 4 News Positions
495
3.50
Movies
Oct 13, 2009
Presidential Line of Succession
421
5.00
History
Dec 29, 2009
Go to Creator's Profile
Score Distribution
Quiz Creator Spotlight
Nover220
Follow
Send a Message
Quizzes Created
-
Created Quiz Play Count
-
More By This Creator
Popular Quizzes Today
1
5x2 Blitz: Bands
2
Find the 'City' Movie
3
Colored Red Africa Blitz
4
Find the US States - No Outlines Minefield
5
The Countries of the World
6
Find the US States
7
9x9 Crossword: Cartoon Network
8
US States
More Music Quizzes
Work Songs
Curator's Pick
Trending Quizzes
Colored Red Africa Blitz II
Colored Red Europe Blitz I
Christmas Pick: Judaism
Colored Red Africa Blitz III
Colored Red Europe Blitz II
Recently Updated
Champions League XIs: Real Madrid
pecheneg
Largest US Cities 1790-2010
pecheneg
Rides in Walt Disney World
pecheneg
Most Oscar Losses (Acting)
pecheneg
Beyoncé Albums
pecheneg
Leaping Animals
pecheneg
Reality TV Shows (A-Z)
bhenderson79
Rickey Henderson's Hall of Fame Teammates
pecheneg
Champions League XIs: Arsenal
pecheneg
Quick Pick: Celebrities in WWE's Hall of Fame
aduchscher
Trending Topics
NBA
Anime
Crossword
Kpop
Harry Potter
Marvel
Disney
Country
NFL
Puzzle
Pokémon
The Office
Soccer
WWE
Song
Your Account Isn't Verified!
In order to create a playlist on Sporcle, you need to verify the email address you used during registration. Go to your
Sporcle Settings
to finish the process.
Report this User
Report this user for behavior that violates our
Community Guidelines
.
Details:
Send Report
Go to the Sporcle.com Mobile Site →
Comments